000
00300nam a22001337a 4500
008
181010b xxu||||| |||| 00| 0 eng d
020
_a
155542077-X
041
_a
eng
080
_a
159.9
100
_a
48
101
_a
PSI
245
_a
The Sexual Abuse of Children
_c
Haugaard,J.J
942
_2
udc
_c
BK
999
_c
49269
_d
49269